Ideología de José Martí : (Record no. 83938)

MARC details
000 -LEADER
campo de control de longitud fija 00618nam a2200181 i 4500
001 - NÚMERO DE CONTROL
campo de control 83938
003 - IDENTIFICADOR DE NÚMERO DE CONTROL
campo de control ES-MaACL
005 - FECHA Y HORA DE LA ÚLTIMA TRANSACCIÓN
campo de control 20231226160947.0
007 - CAMPO FIJO DE DESCRIPCIÓN FÍSICA--INFORMACIÓN GENERAL
campo de control de longitud fija t|
008 - DATOS DE LONGITUD FIJA--INFORMACIÓN GENERAL
campo de control de longitud fija 041118q1925 po ||||1| spa d
100 1# - ENTRADA PRINCIPAL--NOMBRE DE PERSONA
Nombre de persona Iraizoz, Antonio.
9 (RLIN) 65408
245 10 - MENCIÓN DEL TÍTULO
Título Ideología de José Martí :
Resto del título conferencia realizada no Salao Nobre do Teatro S. Carlos... 1925 /
Mención de responsabilidad, etc. Antonio Yraizoz y de Villar.
260 ## - PUBLICACIÓN, DISTRIBUCIÓN, ETC.
Lugar de publicación, distribución, etc. Lisboa :
Nombre del editor, distribuidor, etc. Emilio Moraes :
-- La Bécarre,
Fecha de publicación, distribución, etc. [1925?]
300 ## - DESCRIPCIÓN FÍSICA
Extensión 39 p. ;
Dimensiones 20 cm.
600 14 - PUNTO DE ACCESO ADICIONAL DE MATERIA--NOMBRE DE PERSONA
Nombre de persona Martí, José,
Fechas asociadas al nombre 1853-1895-
Subdivisión general Pensamiento político
9 (RLIN) 172014
852 ## - LOCALIZACIÓN
Ubicación ES-MaACL
Número de control de estantería 1935-F-1
Holdings
Estatus retirado Estado de pérdida Estado de daño No para préstamo Colección Biblioteca de origen Biblioteca actual Ubicación en estantería Fecha de adquisición Fuente de adquisición Total de préstamos Signatura topográfica completa Código de barras Visto por última vez Precio de reemplazo Tipo de ítem Koha
        Colección de folletos Biblioteca del Ateneo de Madrid Biblioteca del Ateneo de Madrid Depósito folletos 17/01/2008     1935-F-1 1087724 23/02/2023 23/02/2023 Folleto